000 00690nam a2200253Ia 4500
003 OSt
005 20221007111034.0
006 a|||||r|||| 00| 0
007 ta
008 221006b |||||||| |||| 00| 0 eng d
024 _a22,436
037 _cTextual
040 _aLCO
_cLCO
_beng
041 _2eng
_aeng
082 _aX724y8, L7
100 _aLakhotia Ram Niwas Ed.
_9380572
245 0 _aIncome Tax Circulars, Press Notes and Govt. Notifications
250 _a3rd
260 _aCalcutta
_bAsha Publishing House India
_c1977
300 _a646
650 _aINCOME TAX
942 _hX724y8, L7
_cTEXL
999 _c1191999
_d1191999